| 000 | 01754nam0a2200313 4500 | ||
|---|---|---|---|
| 001 | RU\NLR\BIBL_A\022248206 | ||
| 005 | 20240805133019.0 | ||
| 010 |
_a978-5-4437-1468-4 _937 |
||
| 021 |
_aRU _bКН-П-24-026338 _9КН-П-24-2699 |
||
| 035 | _a(NLR Aleph) 022248206 | ||
| 090 |
_a13181131 _c13181131 |
||
| 100 | _a20240607d2024 u y0rusy50 ca | ||
| 101 | 0 | _arus | |
| 102 | _aRU | ||
| 105 | _ay j 000yy | ||
| 181 | 0 |
_ai _baxxe |
|
| 182 | 0 | _an | |
| 200 | 1 |
_aКлиническая психофизиология. _iНейрофизиологические корреляты нарушений психических процессов и состояний _eучебное пособие _eдля обучающихся специальностей 37.04.01 и 37.05.01 "Психология" _fЕ. А. Дорошева _gМинистерство науки и высшего образования РФ, Новосибирский государственный университет, Институт медицины и психологии В. Зельмана |
|
| 203 |
_aТекст _bвизуальный _cнепосредственный |
||
| 210 |
_aНовосибирск _cИПЦ НГУ _d2024 |
||
| 215 |
_a106 с. _d20 |
||
| 320 | _aБиблиогр.: с. 98-106 (116 назв.) | ||
| 606 | 1 |
_aПсихические расстройства _xНейрофизиологические исследования _jУчебные издания для высших учебных заведений _2nlr_sh2 _3RU\NLR\AUTH\6601653235 |
|
| 686 | 1 | _aР64-262я73 | |
| 700 | 1 |
_aДорошева _bЕ. А. _gЕлена Алексеевна |
|
| 942 | _cBOOK | ||
| 980 | _aNB | ||